Využitie vodíka v spaľovacom motore s rotačným pohybom piestu

Guardado en:
Detalles Bibliográficos
Autor principal: Kavulič, Kristián (Autor)
Otros Autores: Chríbik, Andrej (Orientador)
Formato: Manuscrito Libro
Lenguaje:eslovaco
Publicado: 2024
Materias:
Acceso en línea:http://is.stuba.sk/zp/portal_zp.pl?podrobnosti=178213
Etiquetas: Agregar Etiqueta
Sin Etiquetas, Sea el primero en etiquetar este registro!

MARC

LEADER 00000ntm a22000003a 4500
001 stuzp99435
003 SK-STU
005 20250225101104.0
007 ta
008 150427s2015----xo-----f-mn---000-0-slo-d
040 |a STU  |b slo 
041 0 |a slo 
100 1 |a Kavulič, Kristián  |u 020030  |4 aut  |U SjF Strojnícka fakulta  |T SjF Ústav automobilového inžinierstva a konštruovania  |X 103973  |U J0030  |Y 806  |7 103973 
242 0 1 |a Utilization of Hydrogen in an Internal Combustion Engine with Rotary Motion of the Piston  |y eng 
245 1 0 |a Využitie vodíka v spaľovacom motore s rotačným pohybom piestu 
260 |c 2024 
650 4 |a Geometria rotora  |2 slo 
650 4 |a geometria skrine  |2 slo 
650 4 |a vodík  |2 slo 
650 4 |a spaľovací motor  |2 slo 
650 4 |a Wankelov rotorový motor  |2 slo 
650 4 |a Combustion engine  |2 eng 
650 4 |a housing geometry  |2 eng 
650 4 |a hydrogen  |2 eng 
650 4 |a rotor geometry  |2 eng 
650 4 |a Wankel rotary engine  |2 eng 
700 1 |a Chríbik, Andrej  |u 020030  |k Z1  |4 ths  |U SjF Strojnícka fakulta  |T SjF Ústav automobilového inžinierstva a konštruovania  |X 26808  |U J0030  |Y 806  |7 A000026808 
856 4 |u http://is.stuba.sk/zp/portal_zp.pl?podrobnosti=178213 
996 |b 284J047698  |c J* 3794/DDP  |l JJSK  |s A  |a 24  |w stuzp99435_0001